000 00481nam a22001697a 4500
999 _c8505
_d8505
008 201128b ||||| |||| 00| 0 eng d
040 _aBMS College of Architecture
100 _aK S, Chamundeshwari
245 _aSynthesis- museum for Bangalore city
300 _a46p.
500 _a1BM14AT023
502 _8B,Arch
_NBMS College of Architecture,
_aProject report
_d2018
650 _aMuseum
700 _aAnand H M
_eGuide
700 _aKoshy P Koshy
_eGuide
942 _2ddc
_cTHE